[Event "Challenge"]
[Site "http://www.queenalice.com/game.php?id=1591580"]
[Date "2019.11.29"]
[Round "-"]
[White "dejami"]
[Black "obobo"]
[Result "1-0"]
[WhiteElo "1748"]
[BlackElo "1341"]

1. e4 e5 2. Bc4 Nf6 3. Qf3 Bc5 4. h3 O-O 5. Be2 d5 6. d3 c6 7. g4 Qd6 8. g5 Nfd7
9. Qh5 g6 10. Qf3 f6 11. Qg2 b5 12. a3 b4 13. a4 Na6 14. h4 Nc7 15. h5 f5 16.
exd5 cxd5 17. hxg6 Qxg6 18. Rh6 Qg7 19. g6 Bb7 20. Rxh7 Qf6 21. Bh6 d4 22. f3 e4
23. Rg7+ Kh8 24. Qh3 Ne6 25. Bg5+ 1-0

[Event "AUTO-BEG-667"]
[Site "http://www.queenalice.com/game.php?id=1592262"]
[Date "2019.12.6"]
[Round "1"]
[White "obobo"]
[Black "FM"]
[Result "0-1"]
[WhiteElo "1339"]
[BlackElo "1200"]

1. e4 c5 2. Nc3 d6 3. f4 Nc6 4. Bc4 g6 5. f5 gxf5 6. Qf3 Ne5 7. Qf1 fxe4 8. Nxe4
Nxc4 9. d3 Ne5 10. Bf4 Nc6 11. c3 e5 12. Be3 Nge7 13. Nf3 Nf5 14. Qe2 Rg8 15.
O-O d5 16. Nxc5 Be7 17. Nb3 Be6 18. Bc5 Bxc5+ 19. Nxc5 Qb6 20. b4 O-O-O 21. d4
exd4 22. cxd4 Nfxd4 23. Qd3 Qxb4 24. Rfc1 Bf5 25. Rab1 Qxb1 26. Qd1 Nxf3+ 27.
Kf2 Qb2+ 28. Kxf3 Qxg2+ 0-1

[Event "AUTO-BEG-667"]
[Site "http://www.queenalice.com/game.php?id=1592263"]
[Date "2019.12.6"]
[Round "1"]
[White "FM"]
[Black "obobo"]
[Result "1-0"]
[WhiteElo "1277"]
[BlackElo "1339"]

1. e4 e5 2. Nf3 Nc6 3. Bb5 Nf6 4. O-O Bc5 5. c3 d5 6. Nxe5 O-O 7. Nxc6 bxc6 8.
Bxc6 Rb8 9. Bxd5 Nxd5 10. exd5 Qxd5 11. d4 Be7 12. Nd2 Bb7 13. Nf3 h6 14. Qd3 a6
15. c4 Qe6 16. Re1 Qf6 17. b3 Bb4 18. Bd2 Bxd2 19. Nxd2 Rbd8 20. d5 Bc8 21. Rad1
Bf5 22. Qg3 Rc8 23. Nf3 Rce8 24. h3 Re7 25. Rxe7 Qxe7 26. d6 cxd6 27. Qxd6 Qxd6
28. Rxd6 Bb1 29. Rxa6 Rd8 30. c5 Be4 31. b4 Rc8 32. Nd4 Bb7 33. Ra7 Bd5 34. a4
Re8 35. b5 1-0

[Event "AUTO-BEG-667"]
[Site "http://www.queenalice.com/game.php?id=1592266"]
[Date "2019.12.6"]
[Round "1"]
[White "obobo"]
[Black "zecafernandes"]
[Result "1-0"]
[WhiteElo "1379"]
[BlackElo "1307"]

1. e4 a6 2. d4 h6 3. Bc4 e6 4. Nc3 Nc6 5. Nf3 g5 6. e5 Na5 7. Qd3 Nxc4 8. Qxc4
c6 9. Qb3 Ne7 10. g4 Bg7 11. O-O O-O 12. Bd2 d5 13. Ne2 b5 14. a4 a5 15. axb5
Qd7 16. c3 cxb5 17. Qc2 a4 18. Ra3 Qc7 19. b3 f5 20. gxf5 Nxf5 21. bxa4 Bd7 22.
Qb2 Qc4 23. Re1 bxa4 24. Qc2 Nh4 25. Nxh4 gxh4 26. Nf4 Rf7 27. Nh5 Bh8 28. Qg6+
Kf8 29. Qxh6+ Ke8 30. Qxh8+ 1-0

[Event "AUTO-BEG-667"]
[Site "http://www.queenalice.com/game.php?id=1592267"]
[Date "2019.12.6"]
[Round "1"]
[White "zecafernandes"]
[Black "obobo"]
[Result "1-0"]
[WhiteElo "1292"]
[BlackElo "1392"]

1. e4 e5 2. a3 Nf6 3. Nc3 Bc5 4. Nh3 h6 5. Qf3 c6 6. Qg3 Nh5 7. Qxe5+ Be7 8. Nf4
d6 9. Qd4 Bf6 10. Qe3 Be5 11. Nxh5 O-O 12. d4 Bf6 13. Qg3 g5 14. h4 g4 15. e5
dxe5 16. Ne4 Be7 17. Qxe5 f6 18. Nexf6+ Bxf6 19. Qe4 Qe8 20. Qxe8 Rxe8+ 21. Be2
Bf5 22. Nxf6+ Kf8 23. Bxh6+ Kf7 24. Nxe8 Kxe8 25. O-O Bxc2 26. Bxg4 Nd7 27.
Rfe1+ Kd8 28. Bg5+ Kc7 29. Bf4+ Kd8 30. Bg5+ Kc7 31. Re7 1-0

[Event "Let's Play Chess!"]
[Site "http://www.queenalice.com/game.php?id=1593479"]
[Date "2019.12.21"]
[Round "-"]
[White "obobo"]
[Black "goodknight57"]
[Result "1-0"]
[WhiteElo "1374"]
[BlackElo "1088"]

1. e4 c5 2. Nf3 Nc6 3. Bb5 g6 4. O-O Bg7 5. Re1 d6 6. Bxc6+ bxc6 7. e5 dxe5 8.
Nxe5 Bb7 9. Qf3 Nh6 10. b3 Nf5 11. d3 Bxe5 12. Rxe5 Qd4 13. Re4 Qxa1 14. Re1
Qxb1 15. Bd2 Qxa2 16. Rc1 1-0

[Event "Let's Play Chess!"]
[Site "http://www.queenalice.com/game.php?id=1593480"]
[Date "2019.12.21"]
[Round "-"]
[White "goodknight57"]
[Black "obobo"]
[Result "0-1"]
[WhiteElo "1100"]
[BlackElo "1369"]

1. e4 c5 2. Nf3 Nc6 3. d4 cxd4 4. Nxd4 Nf6 5. Nc3 e5 6. Ndb5 d6 7. Bg5 a6 8. Na3
Be7 9. Bd3 O-O 10. Nc4 b5 11. Ne3 b4 12. Ncd5 Bb7 13. Nxe7+ Qxe7 14. Bxf6 Qxf6
15. O-O a5 0-1

[Event "Site's Suggest Opponents"]
[Site "http://www.queenalice.com/game.php?id=1598921"]
[Date "2020.2.9"]
[Round "-"]
[White "BobFish"]
[Black "obobo"]
[Result "1-0"]
[WhiteElo "1686"]
[BlackElo "1370"]

1. e4 c5 2. Nc3 Nc6 3. g3 g6 4. d3 d6 5. Bg2 Bg7 6. Nf3 Nf6 7. Bg5 Bd7 8. a3 O-O
9. O-O Ne5 10. Nxe5 dxe5 11. Nd5 e6 12. Nxf6+ Bxf6 13. Be3 b6 14. b4 cxb4 15.
axb4 Bg5 16. f4 Bf6 17. fxe5 Bxe5 18. d4 Bf6 19. e5 Bg5 20. Bxg5 Qxg5 21. Bxa8
Rxa8 22. Qf3 Be8 23. Qxa8 Kf8 24. Rxa7 Qe3+ 25. Rf2 1-0

[Event "Challenge"]
[Site "http://www.queenalice.com/game.php?id=1606315"]
[Date "2020.4.6"]
[Round "-"]
[White "sunking09"]
[Black "obobo"]
[Result "0-1"]
[WhiteElo "1309"]
[BlackElo "1349"]

1. g3 e5 2. Bg2 d5 3. b3 b6 4. Bb2 Nc6 5. Nf3 f6 6. e3 Bc5 7. d4 exd4 8. exd4
Bd6 9. Nc3 Nge7 10. O-O Bb7 11. Qd3 Qd7 12. Rae1 O-O-O 13. Nh4 g5 14. Nf5 Nxf5
15. Nb5 Kb8 16. a4 Nb4 17. Qc3 a6 18. Nxd6 Qxd6 19. Qd2 Nc6 20. Qd3 Nb4 21. Qxf5
Bc8 22. Qf3 g4 23. Qf4 Qc6 24. Rc1 a5 25. c4 Nd3 26. Qd2 Nxc1 27. Bxc1 Qe6 28.
c5 Bb7 29. Qd3 f5 30. Bf4 Ka7 31. Be5 Ba6 32. Qe3 Rhe8 33. Re1 c6 34. Bf1 Bxf1
35. Kxf1 Ka6 36. Bc7 Qd7 37. Bxb6 Rxe3 38. fxe3 Re8 39. h4 gxh3 40. Kf2 Qf7 0-1

[Event "Challenge"]
[Site "http://www.queenalice.com/game.php?id=1612046"]
[Date "2020.5.13"]
[Round "-"]
[White "DAN1958"]
[Black "obobo"]
[Result "1-0"]
[WhiteElo "1385"]
[BlackElo "1364"]

1. e4 c5 2. d4 cxd4 3. Qxd4 Nc6 4. Qe3 b6 5. Nf3 e5 6. c3 Bc5 7. Qg5 f6 8. Qxg7
Qe7 9. Qxh8 Kf8 10. Bh6+ Qg7 11. Bxg7+ Kf7 12. Qxh7 Bf8 13. Bxf8+ Kxf8 14. Bc4
Nce7 15. Qf7# 1-0

[Event "Challenge"]
[Site "http://www.queenalice.com/game.php?id=1612728"]
[Date "2020.5.17"]
[Round "-"]
[White "sylvainl1855"]
[Black "obobo"]
[Result "0-1"]
[WhiteElo "1470"]
[BlackElo "1352"]

1. d3 c5 2. f4 d5 3. c4 Nf6 4. cxd5 Nxd5 5. e3 b6 6. Qf3 Bb7 7. e4 Nf6 8. g3 g6
9. e5 Bxf3 10. Nxf3 Nd5 11. g4 Bg7 12. f5 Nd7 13. fxg6 hxg6 14. Bh3 Rxh3 15. Ng5
Nxe5 16. Nxh3 Nxd3+ 17. Kd1 Qd7 18. Rg1 Nxb2+ 19. Bxb2 Bxb2 20. Ng5 Bxa1 21. Na3
Bb2 22. Nc4 Nf4+ 23. Kc2 Be5 24. Nxe5 Qa4+ 25. Kb2 Nd3+ 26. Kb1 Nxe5 27. h3 Qc6
28. h4 Nf3 29. Nxf3 Qxf3 30. Kb2 Qf2+ 0-1

[Event "AUTO-INT-3542"]
[Site "http://www.queenalice.com/game.php?id=1613472"]
[Date "2020.5.23"]
[Round "1"]
[White "bdpq"]
[Black "obobo"]
[Result "0-1"]
[WhiteElo "1675"]
[BlackElo "1373"]

1. e4 c5 2. Bc4 e5 3. Qf3 Nf6 4. b3 d6 5. d3 g6 6. Bg5 Bg7 7. Nc3 O-O 8. O-O-O
Qc7 9. Nge2 Bg4 10. Qe3 Be6 11. Bxe6 fxe6 12. Bh6 Ng4 13. Qg3 Nxh6 14. f3 Nc6
15. Qf2 d5 16. exd5 Nd4 17. Nxd4 exd4 18. Nb5 Qd7 19. Na3 Qxd5 20. Nb5 Rfc8 21.
h4 a6 22. Na3 b5 23. g4 e5 24. g5 Nf5 25. h5 h6 26. gxh6 Bxh6+ 27. Kb2 Kf7 28.
hxg6+ Kxg6 29. Qg2+ Kf6 30. Rh5 Rh8 31. Qg4 Qe6 32. Rg1 Rag8 33. Rxh6+ Rxh6 34.
Qxg8 Qxg8 35. Rxg8 Ke6 36. c3 Rh2+ 37. Kc1 dxc3 38. Ra8 Kd5 39. Rxa6 Kd4 40.
Nxb5+ Kxd3 41. Nxc3 Kxc3 42. Kd1 Ne3+ 43. Ke1 Nc2+ 44. Kf1 Nd4 45. Rd6 Rxa2 46.
Rd5 Nxf3 47. Rxc5+ Kxb3 48. Rc7 e4 49. Re7 Ng5 50. Re5 Nf3 51. Re8 Nd2+ 52. Kf2
Nc4+ 53. Kg3 Nd2 54. Rb8+ Kc2 55. Kf2 Kd1 56. Ke3 Ra3+ 57. Kd4 e3 58. Rh8 e2 59.
Rh1+ Nf1 60. Rg1 e1=Q 61. Rg7 Qe3+ 62. Kd5 Rd3+ 63. Kc6 Qc1+ 64. Kb7 Rb3+ 65.
Ka8 Qa1+ 66. Ra7 Qh8# 0-1

[Event "AUTO-INT-3542"]
[Site "http://www.queenalice.com/game.php?id=1613473"]
[Date "2020.5.23"]
[Round "1"]
[White "obobo"]
[Black "bdpq"]
[Result "0-1"]
[WhiteElo "1355"]
[BlackElo "1689"]

1. c4 d5 2. cxd5 Qxd5 3. Nc3 Qd8 4. d4 e6 5. Nf3 Bb4 6. e4 Bxc3+ 7. bxc3 Nf6 8.
e5 Nc6 9. Bd3 O-O 10. Ba3 Re8 11. exf6 Qxf6 12. O-O e5 13. d5 Na5 14. Rb1 c6 15.
Bb4 b6 16. Bxa5 bxa5 17. Qe2 Bg4 18. Qe4 Qg6 19. Qe3 Qf6 20. dxc6 Rec8 21. Be4
Re8 22. Rb5 Qd8 23. Rxa5 Qxa5 24. Ra1 f5 25. Bc2 e4 26. Nd4 Qb6 27. h3 Bh5 28.
g4 fxg4 29. Qg5 Qb2 30. Qc1 Qb8 31. Qg5 Re5 32. Qf4 Qd6 33. Bxe4 Rf8 34. Nf5 Qc5
35. hxg4 Qxc3 36. gxh5 Qxa1+ 0-1

[Event "AUTO-INT-3542"]
[Site "http://www.queenalice.com/game.php?id=1613490"]
[Date "2020.5.23"]
[Round "1"]
[White "obobo"]
[Black "roli68"]
[Result "0-1"]
[WhiteElo "1401"]
[BlackElo "1712"]

1. c4 d5 2. cxd5 Qxd5 3. Nc3 Qe6 4. e4 f5 5. d3 Nf6 6. g3 Qb6 7. b3 Ng4 8. Qc2
e6 9. Bg2 Bc5 10. Be3 Bxe3 11. Na4 Qb4+ 12. Kf1 Bd4 13. Rd1 Na6 14. Ne2 Bxf2 15.
h3 Ne3+ 16. Kxf2 Nxc2 17. Rc1 Qd2 18. Rcd1 Qe3+ 19. Kf1 Rf8 20. Rc1 Nd4 21. Nxd4
Qxc1+ 22. Kf2 Qd2+ 23. Ne2 fxe4+ 24. Kg1 Qxe2 25. Bxe4 Qf2# 0-1

[Event "AUTO-INT-3542"]
[Site "http://www.queenalice.com/game.php?id=1613491"]
[Date "2020.5.23"]
[Round "1"]
[White "roli68"]
[Black "obobo"]
[Result "0-1"]
[WhiteElo "1699"]
[BlackElo "1438"]

1. e4 c5 2. d4 cxd4 3. Qxd4 Nc6 4. Qe3 e6 5. c3 Nf6 6. Nh3 g6 7. f3 Bg7 8. Na3
d5 9. e5 Nd7 10. Qf4 O-O 11. Bd3 Nc5 12. Be2 Nxe5 13. Be3 b6 14. Bd4 Ncd3+ 15.
Bxd3 Nxd3+ 16. Kd2 Nxf4 17. Nxf4 Bxd4 18. cxd4 Ba6 19. Rac1 Qd6 20. g3 g5 21.
Nh5 Qb4+ 22. Kc2 Rac8+ 23. Kb1 Qxd4 24. Rhd1 Rxc1+ 25. Rxc1 Bd3+ 26. Ka1 Be2 27.
Nc2 Qf2 28. Nf6+ Kg7 29. Nd7 Rc8 30. b3 Qxf3 31. Kb2 Bb5 32. Ne5 Qe2 33. a4
Qxe5+ 34. Kb1 Bd3 35. b4 Qe2 36. Kb2 Bxc2 37. a5 bxa5 38. bxa5 Be4+ 39. Ka3 Rxc1
40. Ka4 Qb2 0-1

[Event "AUTO-INT-3542"]
[Site "http://www.queenalice.com/game.php?id=1613492"]
[Date "2020.5.23"]
[Round "1"]
[White "obobo"]
[Black "Torbencarlsen"]
[Result "0-1"]
[WhiteElo "1413"]
[BlackElo "1962"]

1. c4 c5 2. Nf3 Nc6 3. d3 Nf6 4. Nc3 d6 5. g3 g6 6. Bg2 Bg7 7. e4 Bg4 8. Be3 h5
9. h3 Bxf3 10. Bxf3 h4 11. O-O hxg3 12. fxg3 Rxh3 13. Kg2 Qd7 14. Rh1 Rxh1 15.
Qxh1 O-O-O 16. Qh7 Nxh7 17. Rh1 Rh8 18. a3 Bxc3 19. bxc3 Ne5 20. d4 Nxf3 21.
Kxf3 Ng5+ 22. Bxg5 Rxh1 23. Kf4 Rf1+ 24. Ke3 Qg4 0-1

[Event "AUTO-INT-3542"]
[Site "http://www.queenalice.com/game.php?id=1613493"]
[Date "2020.5.23"]
[Round "1"]
[White "Torbencarlsen"]
[Black "obobo"]
[Result "1-0"]
[WhiteElo "1924"]
[BlackElo "1397"]

1. e4 c5 2. Nf3 d6 3. d4 Nf6 4. Nc3 Qb6 5. dxc5 Qxc5 6. Be2 Nc6 7. O-O e5 8. Be3
Nd4 9. Nxd4 exd4 10. Bxd4 Qc6 11. Bb5 Bd7 12. Bxc6 Bxc6 13. Bxf6 gxf6 14. Qd4
Ke7 15. Nd5+ Bxd5 16. exd5 b6 17. Rae1+ Kd7 18. Qa4+ Kd8 19. Re8+ Kc7 20. Qc6#
1-0

[Event "AUTO-INT-3558"]
[Site "http://www.queenalice.com/game.php?id=1618680"]
[Date "2020.6.30"]
[Round "1"]
[White "obobo"]
[Black "attib"]
[Result "0-1"]
[WhiteElo "1421"]
[BlackElo "1613"]

1. c4 c5 2. Nf3 d5 3. cxd5 Qxd5 4. Nc3 Qd8 5. g3 Nc6 6. Bg2 Nf6 7. e4 Bg4 8. d3
Nd4 9. Be3 h6 10. O-O e6 11. e5 Nd5 12. Qd2 Nxf3+ 13. Bxf3 Bxf3 14. d4 Nxe3 15.
fxe3 Bg4 16. Ne4 Bh3 17. Rfd1 Qd5 18. Nc3 Qc6 19. Qf2 Be7 20. e4 O-O 21. Qf3 Qb6
22. b3 cxd4 23. Na4 Qb4 24. Qh5 b5 25. Nb2 Qc3 26. Nd3 Bg5 27. Nf4 Qe3+ 0-1

[Event "AUTO-INT-3558"]
[Site "http://www.queenalice.com/game.php?id=1618681"]
[Date "2020.6.30"]
[Round "1"]
[White "attib"]
[Black "obobo"]
[Result "0-1"]
[WhiteElo "1639"]
[BlackElo "1395"]

1. e4 Nf6 2. Nc3 d5 3. e5 Ne4 4. Nxe4 dxe4 5. d3 Bf5 6. d4 e6 7. Bc4 Nc6 8. Bf4
Nxd4 9. Ne2 Nxe2 10. Qxe2 f6 11. Bxe6 Bxe6 12. O-O a6 13. Qxe4 f5 14. Qxb7 Bd5
15. Rad1 Bxb7 16. Rxd8+ Rxd8 17. e6 h6 18. Bxc7 Rd2 19. Rc1 Bc5 0-1

[Event "AUTO-INT-3558"]
[Site "http://www.queenalice.com/game.php?id=1618682"]
[Date "2020.6.30"]
[Round "1"]
[White "obobo"]
[Black "zmanomega"]
[Result "1-0"]
[WhiteElo "1415"]
[BlackElo "1580"]

1. c4 e5 2. f3 d6 3. e4 Nc6 4. a3 Nd4 5. b3 Nf6 6. Ne2 Nxe2 7. Bxe2 c6 8. d3 a6
9. Be3 d5 10. Nc3 d4 11. Bf2 h5 12. h4 b5 13. Nb1 bxc4 14. bxc4 Bc5 15. Bg3 Qa5+
16. Nd2 Qc7 17. O-O Qa5 18. Bxe5 Rh6 19. Nb3 Qb6 20. Qd2 Qxb3 21. Rfb1 Qa4 22.
Bd1 Qxd1+ 23. Rxd1 Rg6 24. Qb2 Nd7 25. Bxd4 Be7 26. Bc3 Rb8 27. Qf2 Rb3 28. Qc2
Rb8 29. d4 Bxh4 30. Rab1 Ra8 31. e5 f6 32. e6 Nf8 33. Qe4 Bg3 34. Qxc6+ Ke7 35.
Qxa8 Bxe6 36. d5 Bd7 37. Bb4+ Bd6 38. Re1+ Kf7 39. Bxd6 1-0

[Event "AUTO-INT-3558"]
[Site "http://www.queenalice.com/game.php?id=1618683"]
[Date "2020.6.30"]
[Round "1"]
[White "zmanomega"]
[Black "obobo"]
[Result "1-0"]
[WhiteElo "1560"]
[BlackElo "1464"]

1. d4 Nf6 2. f3 d5 3. Nc3 c6 4. Bf4 Nbd7 5. g4 Nb6 6. Qd3 g6 7. e4 Bg7 8. e5
Nfd7 9. h4 e6 10. h5 Qe7 11. h6 Bf8 12. g5 Nc4 13. Rb1 Bg7 14. hxg7 Rg8 15. Nge2
Rxg7 16. Na4 b5 17. Nac3 c5 18. Nxb5 Ndb6 19. dxc5 Qxc5 20. Nbc3 Bb7 21. Bg2 Rd8
22. Qd4 Qxd4 23. Nxd4 a6 24. Bf1 Ke7 25. a4 Nd7 26. Bxc4 dxc4 27. Ra1 Nc5 28.
Ra3 Bd5 29. b4 Nb7 30. Nxd5+ Rxd5 31. Nc6+ Kd7 32. b5 axb5 33. Nb4 Rd4 34. axb5
Rxf4 35. Nc6 Rg8 36. Rxh7 Rf8 37. Nb4 Kc7 38. Kf2 Rf5 39. Rh4 Rxe5 40. Rxc4+ Kb6
41. Rh4 Kxb5 42. c3 Nd6 43. Nd3 Rxg5 44. Rb4+ Kc6 45. Ra6+ Kd7 46. Rbb6 Nc8 47.
Rc6 Rd5 48. Ke3 f5 49. Nc5+ Ke7 50. Rxe6+ Kf7 51. Rec6 Re8+ 52. Kf2 Kg7 53.
Rxg6+ Kf7 54. Raf6+ Ke7 55. Nb7 f4 56. Rxf4 Nd6 57. Nxd6 Rxd6 58. Re4+ Kd7 59.
Rxd6+ 1-0

[Event "AUTO-INT-3558"]
[Site "http://www.queenalice.com/game.php?id=1618684"]
[Date "2020.6.30"]
[Round "1"]
[White "obobo"]
[Black "od_xavier"]
[Result "1-0"]
[WhiteElo "1452"]
[BlackElo "1409"]

1. c4 h6 2. d4 d5 3. e3 dxc4 4. Bxc4 Be6 5. Nd2 Bxc4 6. Nxc4 Nf6 7. Nf3 Nc6 8.
b3 e6 9. Bb2 Be7 10. O-O Bd6 11. Qd3 O-O 12. e4 e5 13. dxe5 Nxe5 14. Qe2 Nxc4
15. Qxc4 Rc8 16. e5 Qe7 17. exf6 gxf6 18. Nh4 Qe6 19. Qc1 Kh7 20. Re1 Qg4 21. g3
Rg8 22. Qc2+ Rg6 23. Bxf6 Rg8 24. Nxg6 Rxg6 25. Be5 c6 26. Bxd6 f5 27. Qd2 h5
28. Re7+ Kg8 29. Bc5 h4 30. Qd8# 1-0

[Event "AUTO-INT-3558"]
[Site "http://www.queenalice.com/game.php?id=1618685"]
[Date "2020.6.30"]
[Round "1"]
[White "od_xavier"]
[Black "obobo"]
[Result "1-0"]
[WhiteElo "1400"]
[BlackElo "1466"]

1. a3 Nf6 2. d3 d5 3. e4 g6 4. exd5 Nxd5 5. Nd2 Bg7 6. Rb1 b5 7. c4 bxc4 8. Nxc4
O-O 9. Bd2 Bf5 10. Be2 Nc6 11. b4 Ne5 12. Nxe5 Bxe5 13. Nf3 Qd6 14. Nxe5 Qxe5
15. O-O Nc3 16. Bxc3 Qxc3 17. Rc1 Qxa3 18. Rxc7 Qxb4 19. Rc4 Qb6 20. Qc2 Qe6 21.
Bf3 Rab8 22. Ra4 a6 23. Qc4 Qd7 24. Rxa6 Be6 25. Qe4 Qb5 26. Raa1 Qd7 27. h3 Bf5
28. Qe5 f6 29. Qd5+ Qxd5 30. Bxd5+ Kg7 31. Bc4 Bd7 32. Ra7 Bc6 33. Re1 Rb7 34.
Rxb7 Bxb7 35. Rxe7+ Kh6 36. Rxb7 Re8 37. Kf1 Ra8 38. g3 Rh8 39. d4 Rd8 40. d5 g5
41. Rb1 Kh5 42. Rd1 h6 43. d6 f5 44. d7 Kg6 45. Ba6 f4 46. Bc8 Kf6 47. Re1 fxg3
48. Re8 1-0